00333nam a2200109Ia 4500008004100000082000800041100002000049245003600069942000600105952009700111999001500208240331s9999 xx 000 0 und d bSAN aSanmugalingam,K 0aManida urimegalum abivirithiyum cL 001040708LaWERCLbWERCLcSSCd2024-03-31l0o 323.4 SANp5742r2024-03-31w2024-03-31yL c4602d4602